[Event "Lesnica Pieniny op"]
[Site "Lesnica"]
[Date "2024.03.22"]
[Round "2"]
[White "Sitarcik, Matej"]
[Black "Babjak, Samuel"]
[Result "0-1"]
[WhiteElo "1758"]
[BlackElo "1888"]
[PlyCount "100"]
[EventDate "2024.03.21"]
[EventType "swiss"]
[EventRounds "7"]
[EventCountry "SVK"]
[SourceTitle "CBM 219 Extra"]
[Source "ChessBase"]
[SourceDate "2024.05.31"]
[SourceVersion "1"]
[SourceVersionDate "2024.05.31"]
[SourceQuality "1"]

1. c4 Nf6 2. Nc3 e5 3. Nf3 Nc6 4. e3 Bb4 5. Qc2 0-0 6. Nd5 Bc5 7. a3 a5 8. b3 d6 9. Bd3 h6 10. Nxf6+ Qxf6 11. Bb2 Qe7 12. Be4 f5 13. Bd5+ Be6 14. 0-0-0 e4 15. Bxe6+ Qxe6 16. Qc3 Qe7 17. Ne1 Ne5 18. h3 c6 19. f4 Nd7 20. g4 d5 21. Nc2 b5 22. b4 bxc4 23. g5 axb4 24. axb4 hxg5 25. Rdg1 Bd6 26. Rxg5 Be5 27. Nd4 Bf6 28. Nxf5 Bxc3 29. Nxe7+ Kf7 30. Bxc3 Kxe7 31. Rxg7+ Rf7 32. Rhg1 Nf6 33. Bxf6+ Kxf6 34. R1g6+ Ke7 35. Rxf7+ Kxf7 36. Rxc6 Ke7 37. Rh6 Rb8 38. h4 Rxb4 39. h5 Rb3 40. Kc2 Rd3 41. Rg6 c3 42. Rg3 cxd2 43. Kd1 d4 44. Rg7+ Kf8 45. Rd7 dxe3 46. Rxd3 exd3 47. f5 Kg7 48. h6+ Kxh6 49. f6 e2+ 50. Kxd2 Kg6 0-1